000 00212 a2200097 4500
001 13444
100 _aZaslavsky, V
245 _aAmerican foreign policy
260 _aNew York
_bRinehart
_c
090 _c10457
_d10457
942 _aNUST-CAE
_cM
_c511
999 _c248517
_d248517